Responses for show #6184 - Thursday, June 30, 2011

Contestants

[<< previous game]

Rachel Winer, a graduate student in teaching from Burlington, Vermont

Meg Price, a professor of medieval literature from Stillwater, Oklahoma

Jeff Amoros, a field education coordinator from Ellicott City, Maryland (whose 1-day cash winnings total $30,801)

[next game >>]

Jeopardy! Round responses

MAMMALS
SITCOM SPOUSES
AIRCRAFT CARRIER NAMES
THE BARE FACTS
THE 10 COMMANDMENTS
THERE WILL BE "RAM"IFICATIONS
    $200 12
a yak

Jeff
    $200 1
All in the Family

Jeff
    $200 11
the Enterprise

Rachel
    $200 30
Lady Godiva

Rachel
    $200 15
your father & mother

Meg
    $200 3
Ramses

Meg
    $400 17
the walrus

Jeff
    $400 2
Everybody Loves Raymond

Meg
    $400 13
the Eisenhower

Jeff
    $400 29
streaking

Jeff
    $400 16
images

Rachel
    $400 4
ramen

Rachel
    $600 18
(Jeff: What is an anteater?)
...
[Jeff's response was accepted at the start of the DJ! round.]

a hedgehog

Jeff
    $600 8
I Dream of Jeannie

Jeff
    $600 14
the Hornet

Meg
    $600 28
Hair

Rachel
    $600 21
adultery

Meg
    $600 5
rambunctious

Rachel
    $800 24
the humpback whale

Meg
    $800 9
I Love Lucy

Triple Stumper
    $2,200 19
(Jeff: What is Heroic?)

Intrepid

Jeff
    $800 27
skinny dipping

Jeff
    $800 22
sabbath

Meg
    $800 6
ramble

Rachel
    $1000 25
Madagascar

Jeff
    $1000 10
Gilligan's Island

Triple Stumper
    $1000 20
Shangri-La

Rachel
    $1000 26
Pocahontas

Jeff
    $1000 23
witness

Jeff
    $1000 7
ramshackle

Jeff

Scores at the first commercial break (after clue 15):

Jeff Meg Rachel
$2,400 $1,400 $2,000

Scores at the end of the Jeopardy! Round:

Jeff Meg Rachel
$5,400 $3,600 $4,200

Double Jeopardy! Round responses

ON WISCONSIN
THE CON FILM FESTIVAL
GILBERT & SULLIVAN
THE 1930s
I'M BORED!
FRENCH CROSSWORD CLUES
    $400 24
badgers

Meg
    $400 6
Ocean's Eleven

Meg
    $400 7
The Pirates of Penzance

Meg
    $400 13
Huey Long

Jeff
    $400 19
Trivial Pursuit

Meg
    $400 1
nom de plume

Meg
    $800 25
a kindergarten

Jeff
    $800 11
Steve Martin

Meg
    $800 8
Venice

Meg
    $800 14
War Admiral

Jeff
    $800 20
Zagat

Rachel
    $800 2
(Jeff: Bonsoir)
(Alex: Jeff forgot to phrase it properly.)

bonsoir

JeffMeg
    $1200 26
Superior and Michigan

Jeff
    $1200 18
Maverick

Rachel
    $1,600 9
The Mikado

Meg
    $1200 15
(Jeff: What is This Side of Paradise?)

Tender is the Night

Jeff
Triple Stumper
    $1200 21
a limerick

Rachel
    $1200 3
voilĂ 

Rachel
    $1600 27
the Apostles

Jeff
    $1600 30
The Usual Suspects

Jeff
    $1600 10
a human

Jeff
    $1600 16
(Alf) Landon

Jeff
    $1600 22
(Meg: What is Devil's Tower?)

Half Dome

Meg
Triple Stumper
    $1600 4
salon

Rachel
    $2,000 28
(Jeff: What is Pledge?)

Johnson Wax

Jeff
    $2000 29
Paper Moon

Meg
    $2000 12
The Tower of London

Jeff
    $2000 17
(Jeff: What is Coxey's Army?)

the Bonus Army

Jeff
Triple Stumper
    $2000 23
New Hampshire

Rachel
    $2000 5
au courant

Triple Stumper

Scores at the end of the Double Jeopardy! Round:

Jeff Meg Rachel
$11,000 $10,000 $12,200

[wagering suggestions for these scores]

Final Jeopardy! Round responses

COINS OF THE WORLD
MegWhat is New Zealand?
$2,201
JeffWhat is New Zealand?
$9,001
RachelWhat is New Zealand?
$10,000
New Zealand

Final scores:

Jeff Meg Rachel
$20,001 $12,201 $22,200
2nd place: $2,000 3rd place: $1,000 New champion: $22,200

Game dynamics:

Coryat scores:

Jeff Meg Rachel
$15,200 $9,600 $12,200
21 R,
5 W
(including 2 DDs)
17 R
(including 1 DD),
1 W
14 R,
0 W

Combined Coryat: $37,000

The J! Archive is created by fans, for fans. The Jeopardy! game show and all elements thereof, including but not limited to copyright and trademark thereto, are the property of Jeopardy Productions, Inc. and are protected under law. This website is not affiliated with, sponsored by, or operated by Jeopardy Productions, Inc. Join the discussion at JBoard.tv.